000
00223nam a22000857a 4500
008
170228b xxu||||| |||| 00| 0 eng d
100
_9
2957
_a
Bhardway.S.et al
245
_a
Let us talk in English-4
260
_a
New Delhi
_b
APC
_c
2012
999
_c
6201
_d
6201